<?xml version="1.0" encoding="UTF-8"?>
<record
    xmlns:xsi="http://www.w3.org/2001/XMLSchema-instance"
    xsi:schemaLocation="http://www.loc.gov/MARC21/slim http://www.loc.gov/standards/marcxml/schema/MARC21slim.xsd"
    xmlns="http://www.loc.gov/MARC21/slim">

  <leader>00809nam a22002897i 4500</leader>
  <controlfield tag="001">B-12598</controlfield>
  <controlfield tag="003">CO-BoFNCP</controlfield>
  <controlfield tag="007">t|| </controlfield>
  <controlfield tag="008">090928s2008    my a   f     z      eng d</controlfield>
  <datafield tag="040" ind1=" " ind2=" ">
    <subfield code="a">CO-BoFNCP</subfield>
    <subfield code="b">spa</subfield>
    <subfield code="c">CO-BoFNCP</subfield>
    <subfield code="e">rda</subfield>
  </datafield>
  <datafield tag="041" ind1=" " ind2=" ">
    <subfield code="a">eng</subfield>
  </datafield>
  <datafield tag="043" ind1=" " ind2=" ">
    <subfield code="a">my</subfield>
  </datafield>
  <datafield tag="084" ind1=" " ind2=" ">
    <subfield code="a">A-</subfield>
  </datafield>
  <datafield tag="110" ind1="2" ind2=" ">
    <subfield code="a">The Incorporated Society of Planters, ISP</subfield>
    <subfield code="9">40380.</subfield>
  </datafield>
  <datafield tag="245" ind1="1" ind2="0">
    <subfield code="a">Going back to basics in managing plantations.</subfield>
  </datafield>
  <datafield tag="264" ind1=" " ind2="4">
    <subfield code="c">&#xA9;2008</subfield>
  </datafield>
  <datafield tag="300" ind1=" " ind2=" ">
    <subfield code="a">p&#xE1;ginas 213-214.</subfield>
  </datafield>
  <datafield tag="336" ind1=" " ind2=" ">
    <subfield code="a">texto</subfield>
    <subfield code="b">txt</subfield>
    <subfield code="2">rdacontent</subfield>
  </datafield>
  <datafield tag="337" ind1=" " ind2=" ">
    <subfield code="a">sin mediaci&#xF3;n</subfield>
    <subfield code="b">n</subfield>
    <subfield code="2">rdamedia</subfield>
  </datafield>
  <datafield tag="338" ind1=" " ind2=" ">
    <subfield code="a">volumen</subfield>
    <subfield code="b">nc</subfield>
    <subfield code="2">rdacarrier</subfield>
  </datafield>
  <datafield tag="500" ind1=" " ind2=" ">
    <subfield code="a">Editorial.</subfield>
  </datafield>
  <datafield tag="650" ind1=" " ind2="0">
    <subfield code="a">Manejo de Plantaciones</subfield>
    <subfield code="9">33607.</subfield>
  </datafield>
  <datafield tag="773" ind1="0" ind2=" ">
    <subfield code="a">The Planter (Malasia)</subfield>
    <subfield code="g">v. 84, no. 985 (2008), p.213-214</subfield>
    <subfield code="w">A-</subfield>
    <subfield code="x">0126-575x</subfield>
  </datafield>
  <datafield tag="942" ind1=" " ind2=" ">
    <subfield code="2">z</subfield>
    <subfield code="c">1</subfield>
  </datafield>
  <datafield tag="952" ind1=" " ind2=" ">
    <subfield code="0">0</subfield>
    <subfield code="1">0</subfield>
    <subfield code="2">z</subfield>
    <subfield code="4">0</subfield>
    <subfield code="7">0</subfield>
    <subfield code="a">2</subfield>
    <subfield code="b">2</subfield>
    <subfield code="d">2013-10-21</subfield>
    <subfield code="h">The Planter (Malasia). v. 84, no. 985 (2008), p.213-214. ST-A-, ISSN: 0126-575x</subfield>
    <subfield code="l">0</subfield>
    <subfield code="o">A-</subfield>
    <subfield code="p">R-12598</subfield>
    <subfield code="r">2013-10-21 00:00:00</subfield>
    <subfield code="t">Ej. 1</subfield>
    <subfield code="w">2013-10-21</subfield>
    <subfield code="y">1</subfield>
  </datafield>
  <datafield tag="999" ind1=" " ind2=" ">
    <subfield code="c">26570</subfield>
    <subfield code="d">26570</subfield>
  </datafield>
  <datafield tag="999" ind1=" " ind2=" ">
    <subfield code="z">1</subfield>
  </datafield>
</record>
